00672nam a2200205Ia 4500001000700000003000500007008004100012010001100053040000900064100002400073245012800097260006200225300001000287440000500297500000500302503000500307650009300312650002900405650003200434Z_3817CHAP220113s1970 xx 000 0 und d a166878 cCHAP aRangel, Juan Manuel aAnálisis de precios de pollos de engorda en el mercado del Distrito Federal /cpor Juan Manuel Rangel y James Stevenson aChapingo, Méx. :bENA. Colegio de Postgraduados,c1970 a57 p. a a a aAves de corralxMercadeoxMéxico I. Stevenson, James II. ENA. Colegio de Postgraduados aAves de corralxPrecios  aAviculturaxMéxico (Cd.)